Co-workingové priestory a ich úloha v lokálnej ekonomike diplomová práca

Salvato in:
Dettagli Bibliografici
Autore principale: Országhová, Katarína
Ente Autore: Národohospodárska fakulta EU. Katedra verejnej správy a regionálneho rozvoja
Altri autori: Rafaj, Oliver, 1989-
Natura: Libro
Lingua:slovacco
Pubblicazione: Bratislava 2020
Tags: Aggiungi Tag
Nessun Tag, puoi essere il primo ad aggiungerne!!

MARC

LEADER 00000nbm a2200000 4500
001 0264505
005 20200925085615.3
041 0 |a slo 
044 |a SK 
245 1 0 |a Co-workingové priestory a ich úloha v lokálnej ekonomike  |b diplomová práca  |c Katarína Országhová ; školiteľ: Oliver Rafaj 
264 1 |a Bratislava  |c 2020 
300 |a 71 s. 
100 1 |a Országhová, Katarína 
700 1 |a Rafaj, Oliver, 1989- 
710 2 |a Národohospodárska fakulta EU. Katedra verejnej správy a regionálneho rozvoja